Tratado del signo visual : para una retórica de la imagen /
Guardado en:
| Otros Autores: | |
|---|---|
| Formato: | Libro |
| Publicado: |
Madrid :
Cátedra
|
| Series: | Signo e imagen; No. 31
|
| Materias: | |
| Etiquetas: |
Agregar Etiqueta
Sin Etiquetas, Sea el primero en etiquetar este registro!
|
| LEADER | 01590nam a22002535a 4500 | ||
|---|---|---|---|
| 001 | CEM.cems011984 | ||
| 005 | 20070810183019.0 | ||
| 008 | 130507b######################000#0#####d | ||
| 003 | CEMS | ||
| 020 | |a 8437611903 | ||
| 082 | 0 | 4 | |a 384 |
| 245 | 0 | 0 | |a Tratado del signo visual : |b para una retórica de la imagen / |c Groupe Mu (francis Edeline, Jean-marie Klinkenberg, Philippe Minguet) ; traducido Por Manuel Talens Carmona. |
| 260 | |a Madrid : |b Cátedra | ||
| 300 | |a 437 p. | ||
| 490 | 0 | |a Signo e imagen; No. 31 | |
| 504 | |a Incluye referencias bibliográficas e indices | ||
| 505 | 0 | |a Desde hace tiempo se afirma que la imagen visual es un lenguaje. Este tratado intenta describir por primera vez la gramática general de ese lenguaje. Lejos de ser un esbozo teórico, está ilustrado con ejemplos tomados de todas las culturas del mundo, tanto del pasado como del presente, estudiando la posibilidad de que el lenguaje visual sea universal. El Groupe µ;, que hace veinte años investigaba ya con éxito la hipótesis de una Retórica general aplicable a todos los lenguajes, es el autor de este cúmulo de reflexiones. Era necesario un equipo interdisciplinar para superar el provincianismo metodológico que separaba hasta hoy a semióticos y psicólogos, a especialistas en comunicación de masas, a los artistas y al gran público. | |
| 653 | |a Imagen | ||
| 653 | |a Semiótica | ||
| 653 | |a Percepción visual | ||
| 653 | |a Comunicación visual | ||
| 653 | |a Imagen-semiología | ||
| 700 | 1 | |a Talens Carmona, Manuel, trad. | |
| 859 | |a CEMS |b BIB. CEMS - 11 de abril |h 384 |i G918 |p 22761.05 |t Ej.1 | ||
